[Event "Lugano Paradiso op 19th"]
[Site "Lugano"]
[Date "2022.05.08"]
[Round "5"]
[White "Duernhoefer, Andrea"]
[Black "Nehan, Sanket Mehta"]
[Result "0-1"]
[WhiteElo "1838"]
[BlackElo "1120"]
[PlyCount "74"]
[EventDate "2022.05.06"]
[EventType "swiss"]
[EventRounds "5"]
[EventCountry "SUI"]
[SourceTitle "CBM 208 Extra"]
[Source "ChessBase"]
[SourceDate "2022.07.31"]
[SourceVersion "1"]
[SourceVersionDate "2022.07.31"]
[SourceQuality "1"]

1. e4 e5 2. Nf3 Nc6 3. Bc4 Bc5 4. c3 Nf6 5. d4 exd4 6. e5 d5 7. Bb5 Ne4 8. cxd4 Bb4+ 9. Nbd2 Nxd2 10. Bxd2 Bxd2+ 11. Qxd2 0-0 12. Bxc6 bxc6 13. 0-0 Bg4 14. Qc3 Rb8 15. Nd2 Rb6 16. Nb3 Qb8 17. h3 Be6 18. f4 Bf5 19. Rf2 Rd8 20. Nc5 Be4 21. f5 Qc8 22. Nxe4 dxe4 23. Re1 Qa6 24. Rxe4 Qxa2 25. Rg4 Qb3 26. Qd2 h6 27. Qxh6 Qd1+ 28. Kh2 Qxg4 29. Qe3 Qxd4 30. Qg3 Rxb2 31. f6 g6 32. Rxb2 Qxb2 33. Qg5 Qd2 34. Qg3 Rd4 35. e6 Qf4 36. e7 Qxg3+ 37. Kxg3 Re4 0-1

[Event "Hannibal Online op U10"]
[Site "Chess.com INT"]
[Date "2020.06.05"]
[Round "5"]
[White "Nehan, Sanket Mehta"]
[Black "Stancev, Semion"]
[Result "1/2-1/2"]
[WhiteElo "1005"]
[BlackElo "1322"]
[PlyCount "97"]
[EventDate "2020.06.01"]
[EventType "swiss"]
[EventRounds "9"]
[EventCountry "MDA"]
[SourceTitle "CBM 196 Extra"]
[Source "ChessBase"]
[SourceDate "2020.07.31"]
[SourceVersion "1"]
[SourceVersionDate "2020.07.31"]
[SourceQuality "1"]

1. e4 c6 2. d4 d5 3. exd5 cxd5 4. Bd3 Nc6 5. Nf3 Bg4 6. c3 Nf6 7. Nbd2 e6 8. b4 a6 9. h3 Bh5 10. Qa4 Bd6 11. Bb2 Bxf3 12. Nxf3 0-0 13. 0-0 b5 14. Qc2 Qb8 15. Bc1 h6 16. Be3 Qc7 17. Rfe1 Rfb8 18. Re2 a5 19. Bd2 Qb6 20. Ne5 axb4 21. Nxc6 Qxc6 22. cxb4 Qxc2 23. Bxc2 Ra3 24. Bb3 Ne4 25. Be1 Rc8 26. Rc2 Rxc2 27. Bxc2 Nc3 28. Bd3 Bxb4 29. Bxb5 Nxb5 30. Bxb4 Ra4 31. Bc5 Nxd4 32. Bxd4 Rxd4 33. a4 Rb4 34. Kf1 Kf8 35. Ke2 Ke8 36. Kd3 Rc4 37. a5 Kd7 38. a6 Rc8 39. Kd4 Kd6 40. f4 f6 41. a7 Ra8 42. Ra6+ Kd7 43. Kc5 Kc7 44. Rxe6 d4 45. Kxd4 Rxa7 46. Re7+ Kb6 47. Rxa7 Kxa7 48. Kd5 Kb8 49. Ke6 1/2-1/2